[Event "ESP-ch rapid"]
[Site "Linares"]
[Date "2013.08.27"]
[Round "8"]
[White "Salgado Lopez, Ivan"]
[Black "Cuenca Jimenez, Jose Fernando"]
[Result "1/2-1/2"]
[WhiteElo "2614"]
[BlackElo "2477"]
[PlyCount "112"]
[EventDate "2013.08.26"]
[EventType "swiss (rapid)"]
[EventRounds "9"]
[EventCountry "ESP"]
[SourceTitle "CBM 156 Extra"]
[Source "ChessBase"]
[SourceDate "2013.10.22"]
[SourceVersion "1"]
[SourceVersionDate "2013.10.22"]
[SourceQuality "1"]

1. e4 e5 2. Nf3 Nc6 3. Bc4 Bc5 4. d3 Nf6 5. O-O O-O 6. Re1 d6 7. c3 h6 8. b4
Bb6 9. a4 a6 10. Nbd2 Ne7 11. Nf1 Be6 12. Bxe6 fxe6 13. Ng3 Ng6 14. d4 Nd7 15.
Be3 Nh4 16. Nd2 exd4 17. cxd4 e5 18. Nc4 exd4 19. Bxd4 Bxd4 20. Qxd4 Qf6 21.
Qxf6 Nxf6 22. Na5 b6 23. Nc6 Rae8 24. b5 a5 25. e5 dxe5 26. Nxe5 Nd5 27. Nd3
Rxe1+ 28. Rxe1 Nf4 29. Nxf4 Rxf4 30. Ra1 Rc4 31. h3 Kf7 32. Nf1 Nf5 33. g4 Nd4
34. Ne3 Nc2 35. Nxc4 Nxa1 36. f4 Nb3 37. Ne5+ Ke6 38. Nd3 Kd5 39. Kf2 Ke4 40.
Ke2 Nc5 41. Nxc5+ bxc5 42. f5 c4 43. Kd2 Kf4 44. Kc3 Kg3 45. Kxc4 Kxh3 46. Kc5
Kxg4 47. Kc6 h5 48. Kxc7 h4 49. b6 h3 50. b7 h2 51. b8=Q h1=Q 52. Qf8 Qa1 53.
Kb6 Qxa4 54. Qxg7+ Kxf5 55. Qh7+ Kg4 56. Qg6+ Kf3 1/2-1/2

[Event "ESP-ch rapid"]
[Site "Linares"]
[Date "2013.08.27"]
[Round "9"]
[White "Cuenca Jimenez, Jose Fernando"]
[Black "Recuero Guerra, David"]
[Result "0-1"]
[WhiteElo "2477"]
[BlackElo "2454"]
[PlyCount "118"]
[EventDate "2013.08.26"]
[EventType "swiss (rapid)"]
[EventRounds "9"]
[EventCountry "ESP"]
[SourceTitle "CBM 156 Extra"]
[Source "ChessBase"]
[SourceDate "2013.10.22"]
[SourceVersion "1"]
[SourceVersionDate "2013.10.22"]
[SourceQuality "1"]

1. e4 c5 2. Nf3 d6 3. d4 cxd4 4. Nxd4 Nf6 5. Nc3 Nc6 6. Bg5 e6 7. Qd2 Be7 8.
O-O-O O-O 9. f4 h6 10. Bh4 Bd7 11. Bf2 Ng4 12. Ndb5 a6 13. Nd4 Nxf2 14. Qxf2
Nxd4 15. Qxd4 Bc6 16. Bd3 Qa5 17. Kb1 Bf6 18. Qc4 Rac8 19. Qb3 Bd7 20. Ne2 Rc6
21. c3 Rb6 22. Qc2 Ba4 23. b3 Rc8 24. Rc1 Bxb3 25. axb3 Qa3 26. Qa2 Rxb3+ 27.
Ka1 Rcxc3 28. e5 Rxd3 29. exf6 Rd2 30. Rc8+ Kh7 31. Qxa3 Rxa3+ 32. Kb1 Rxe2 33.
Rc7 Rb3+ 34. Ka1 gxf6 35. f5 Re4 36. Ka2 Rb5 37. Ka3 Kg7 38. Rd1 Re3+ 39. Ka2
Rxf5 40. Rd2 b5 41. Ra7 Rfe5 42. Rxa6 d5 43. Kb2 Re2 44. Kc2 Rxd2+ 45. Kxd2 Re4
46. Rb6 b4 47. Kd3 f5 48. Rb8 Rc4 49. g3 h5 50. Ke3 h4 51. Kf3 hxg3 52. hxg3
Kf6 53. Rb7 Rc3+ 54. Kf2 b3 55. Kg2 d4 56. Kf2 e5 57. Rb6+ Kg5 58. Rb7 Rc2+ 59.
Ke1 b2 0-1

[Event "DEN-chT 1314 52nd"]
[Site "Denmark"]
[Date "2013.11.02"]
[Round "1.1"]
[White "Cuenca Jimenez, Jose Fernando"]
[Black "Matthiesen, Arne"]
[Result "1-0"]
[WhiteElo "2482"]
[BlackElo "2358"]
[PlyCount "55"]
[EventDate "2013.11.02"]
[EventType "team-tourn"]
[EventRounds "9"]
[EventCountry "DEN"]
[SourceTitle "EXT 2015"]
[Source "ChessBase"]
[SourceDate "2014.11.20"]
[SourceVersion "1"]
[SourceVersionDate "2014.11.20"]
[SourceQuality "1"]
[WhiteTeam "Aarhus/Skolerne"]
[BlackTeam "SK 1968"]
[WhiteTeamCountry "DEN"]
[BlackTeamCountry "DEN"]

1. e4 e6 2. d4 d5 3. Nc3 Nf6 4. Bg5 dxe4 5. Nxe4 Nbd7 6. Nf3 h6 7. Nxf6+ Nxf6
8. Be3 Bd6 9. Bd3 Bd7 10. Qe2 Bc6 11. O-O-O Nd5 12. c4 Nxe3 13. fxe3 Bxf3 14.
Qxf3 c6 15. d5 exd5 16. cxd5 c5 17. Bb5+ Kf8 18. Rhf1 f6 19. e4 a6 20. Bc4 b5
21. Bd3 c4 22. Bc2 Qa5 23. e5 Bxe5 24. d6 Rd8 25. Rfe1 Bxd6 26. Re6 Be7 27.
Rxd8+ Bxd8 28. Bg6 1-0

[Event "DEN-chT 1314 52nd"]
[Site "Denmark"]
[Date "2013.11.03"]
[Round "2.1"]
[White "Kolbak, Jens"]
[Black "Cuenca Jimenez, Jose Fernando"]
[Result "1-0"]
[WhiteElo "2271"]
[BlackElo "2482"]
[PlyCount "105"]
[EventDate "2013.11.02"]
[EventType "team-tourn"]
[EventRounds "9"]
[EventCountry "DEN"]
[SourceTitle "EXT 2015"]
[Source "ChessBase"]
[SourceDate "2014.11.20"]
[SourceVersion "1"]
[SourceVersionDate "2014.11.20"]
[SourceQuality "1"]
[WhiteTeam "Norresundby"]
[BlackTeam "Aarhus/Skolerne"]
[WhiteTeamCountry "DEN"]
[BlackTeamCountry "DEN"]

1. d4 Nf6 2. Nf3 g6 3. c4 Bg7 4. Nc3 O-O 5. e4 d6 6. Be2 Na6 7. O-O e5 8. Be3
Ng4 9. Bg5 Qe8 10. dxe5 dxe5 11. Nd2 h6 12. Bh4 f5 13. h3 Nf6 14. exf5 gxf5 15.
Nd5 Nxd5 16. cxd5 e4 17. Nc4 f4 18. Bh5 Qb5 19. Rc1 Rf5 20. Bg6 Rxd5 21. Qc2
Nc5 22. a4 Qxa4 23. Bxe4 Rd4 24. Qxa4 Nxa4 25. Rfe1 Nc5 26. Bg6 Ne6 27. f3 Bd7
28. Ne5 Bxe5 29. Rxe5 Nf8 30. Be4 c6 31. Rh5 Rd6 32. Be7 Re6 33. Bb4 Rae8 34.
Rh4 Nh7 35. Rxf4 Bc8 36. Bc3 Ng5 37. Bd3 Rd6 38. Bf1 Be6 39. Rf6 Kh7 40. Re1
Rg8 41. Kh2 Rg6 42. h4 Rxf6 43. Bxf6 Nxf3+ 44. gxf3 Bf5 45. Bc3 Kg6 46. Re7 b5
47. Rxa7 Kh5 48. Rc7 Kg6 49. Rb7 Kh5 50. Kg3 Re6 51. Kf4 Bc2 52. Bh3 Re8 53.
Bf6 1-0

[Event "DEN-chT 1314 52nd"]
[Site "Denmark"]
[Date "2014.02.16"]
[Round "7.1"]
[White "Hector, Jonny"]
[Black "Cuenca Jimenez, Jose Fernando"]
[Result "1-0"]
[WhiteElo "2503"]
[BlackElo "2482"]
[PlyCount "65"]
[EventDate "2013.11.02"]
[EventType "team-tourn"]
[EventRounds "9"]
[EventCountry "DEN"]
[SourceTitle "EXT 2015"]
[Source "ChessBase"]
[SourceDate "2014.11.20"]
[SourceVersion "1"]
[SourceVersionDate "2014.11.20"]
[SourceQuality "1"]
[WhiteTeam "Nordkalotten"]
[BlackTeam "Aarhus/Skolerne"]
[WhiteTeamCountry "DEN"]
[BlackTeamCountry "DEN"]

1. e4 e5 2. Nf3 Nf6 3. Nc3 Bb4 4. Nxe5 O-O 5. Be2 Re8 6. Nd3 Bxc3 7. dxc3 Nxe4
8. Nf4 d6 9. O-O Nd7 10. a4 a5 11. c4 Ndc5 12. f3 Nf6 13. Rf2 Qe7 14. Ra3 Qf8
15. Be3 Nxa4 16. Bd4 Nb6 17. Bxf6 gxf6 18. Nh5 Qh6 19. f4 Kf8 20. g4 Bd7 21.
Rg3 Bc6 22. g5 fxg5 23. fxg5 Qg6 24. Bd3 Qe6 25. Re2 Qc8 26. Nf6 Re5 27. Nxh7+
Ke7 28. g6 fxg6 29. Qd2 Qh8 30. Rxe5+ dxe5 31. Rxg6 e4 32. Qg5+ Kd7 33. Rg7+
1-0

[Event "Roquetas de Mar op 25th"]
[Site "Roquetas de Mar"]
[Date "2014.01.02"]
[Round "1"]
[White "Fernandez Ayuso, Sergio Javier"]
[Black "Cuenca Jimenez, Jose Fernando"]
[Result "0-1"]
[WhiteElo "2089"]
[BlackElo "2484"]
[PlyCount "64"]
[EventDate "2014.01.02"]
[EventType "swiss"]
[EventRounds "9"]
[EventCountry "ESP"]
[SourceTitle "CBM 158 Extra"]
[Source "ChessBase"]
[SourceDate "2014.02.28"]
[SourceVersion "1"]
[SourceVersionDate "2014.02.28"]
[SourceQuality "1"]

1. d4 Nf6 2. Nf3 g6 3. Bg5 Bg7 4. Nbd2 O-O 5. e3 d6 6. c4 Qe8 7. Qb3 e5 8. d5
Nbd7 9. e4 h6 10. Bh4 Nh5 11. h3 Nc5 12. Qc2 f5 13. b4 fxe4 14. bxc5 exf3 15.
g4 e4 16. O-O-O e3 17. fxe3 Qxe3 18. Qb3 Qxb3 19. axb3 g5 20. Bf2 Nf4 21. Ne4
dxc5 22. Bxc5 Re8 23. Nd2 b6 24. Bf2 Ne2+ 25. Kc2 Rf8 26. Ne4 Bd7 27. Ng3 a5
28. Re1 a4 29. Bxe2 fxe2 30. Rxe2 axb3+ 31. Kd3 Rf3+ 32. Ke4 Rc3 0-1

[Event "Roquetas de Mar op 25th"]
[Site "Roquetas de Mar"]
[Date "2014.01.03"]
[Round "2"]
[White "Cuenca Jimenez, Jose Fernando"]
[Black "Martinez Lopez, David"]
[Result "1-0"]
[WhiteElo "2484"]
[BlackElo "2233"]
[PlyCount "113"]
[EventDate "2014.01.02"]
[EventType "swiss"]
[EventRounds "9"]
[EventCountry "ESP"]
[SourceTitle "CBM 158 Extra"]
[Source "ChessBase"]
[SourceDate "2014.02.28"]
[SourceVersion "1"]
[SourceVersionDate "2014.02.28"]
[SourceQuality "1"]

1. e4 e6 2. d4 d5 3. Nc3 Nf6 4. Bg5 Be7 5. e5 Nfd7 6. h4 Nc6 7. Nf3 h6 8. Be3
a6 9. Qd2 b5 10. Ne2 Nb6 11. b3 Bb4 12. c3 Bf8 13. Nf4 b4 14. Nd3 a5 15. Be2
Ba6 16. O-O Be7 17. Rac1 Kf8 18. cxb4 Nxb4 19. Nc5 Bxe2 20. Qxe2 Nd7 21. Na4
Qb8 22. Rc3 Kg8 23. Rfc1 Na6 24. Bf4 Qb7 25. h5 Ba3 26. Rd1 c5 27. dxc5 Ndxc5
28. Nxc5 Nxc5 29. Qc2 Ne4 30. Rc7 Qa6 31. Be3 Rd8 32. Nd4 Qa8 33. f3 Ng5 34.
Nb5 Bf8 35. Nd6 Bxd6 36. exd6 f5 37. Bxg5 hxg5 38. Qc3 Rh7 39. Qe5 Qa6 40.
Qxe6+ Kh8 41. Qxd5 Qe2 42. Qd4 g4 43. Re7 Qb5 44. fxg4 fxg4 45. h6 Qg5 46.
hxg7+ Rxg7 47. Qxg7+ Qxg7 48. Rxg7 Kxg7 49. Kf2 Kf6 50. d7 Ke6 51. Kg3 Rxd7 52.
Rxd7 Kxd7 53. Kxg4 Kd6 54. Kf4 Kc5 55. Ke4 Kb4 56. Kd4 Ka3 57. Kc3 1-0

[Event "Roquetas de Mar op 25th"]
[Site "Roquetas de Mar"]
[Date "2014.01.03"]
[Round "3"]
[White "Sos Andreu, Eric"]
[Black "Cuenca Jimenez, Jose Fernando"]
[Result "0-1"]
[WhiteElo "2285"]
[BlackElo "2484"]
[PlyCount "70"]
[EventDate "2014.01.02"]
[EventType "swiss"]
[EventRounds "9"]
[EventCountry "ESP"]
[SourceTitle "CBM 158 Extra"]
[Source "ChessBase"]
[SourceDate "2014.02.28"]
[SourceVersion "1"]
[SourceVersionDate "2014.02.28"]
[SourceQuality "1"]

1. d4 Nf6 2. c4 c5 3. d5 b5 4. cxb5 a6 5. bxa6 g6 6. Nc3 Bxa6 7. g3 d6 8. Bg2
Bg7 9. Nf3 Nfd7 10. Qc2 Nb6 11. h4 Bb7 12. Qb3 Na6 13. h5 Nb4 14. Ng5 h6 15.
Nh3 g5 16. O-O Ba6 17. Bd2 Bc4 18. Qd1 N4xd5 19. a4 Bxc3 20. Bxc3 Nxc3 21. bxc3
Ra5 22. Qc2 Nd7 23. f4 gxf4 24. Nxf4 Nf6 25. Rab1 Rg8 26. Rb7 Rxg3 27. Rfb1 Ra8
28. a5 Kf8 29. Kh2 Rg4 30. Qf5 Rg5 31. Qc2 Kg7 32. Bf3 d5 33. Nh3 Qd6+ 34. Kh1
Rg3 35. Nf2 Qf4 0-1

[Event "Roquetas de Mar op 25th"]
[Site "Roquetas de Mar"]
[Date "2014.01.04"]
[Round "4"]
[White "Cuenca Jimenez, Jose Fernando"]
[Black "Panelo Munoz, Marcelo A"]
[Result "1-0"]
[WhiteElo "2484"]
[BlackElo "2443"]
[PlyCount "135"]
[EventDate "2014.01.02"]
[EventType "swiss"]
[EventRounds "9"]
[EventCountry "ESP"]
[SourceTitle "CBM 158 Extra"]
[Source "ChessBase"]
[SourceDate "2014.02.28"]
[SourceVersion "1"]
[SourceVersionDate "2014.02.28"]
[SourceQuality "1"]

1. e4 c5 2. Nf3 d6 3. d4 cxd4 4. Nxd4 Nf6 5. Nc3 a6 6. h3 e5 7. Nde2 h5 8. g3
Be7 9. Bg2 b5 10. Nd5 Nxd5 11. Qxd5 Ra7 12. Be3 Be6 13. Qd2 Rb7 14. Nc3 Nd7 15.
Nd5 Bxd5 16. exd5 O-O 17. O-O Qc8 18. Rac1 Rc7 19. c3 Bf6 20. g4 hxg4 21. hxg4
g6 22. Qe2 Bg7 23. Rc2 Nf6 24. g5 Nh5 25. Qf3 Rc4 26. Rfc1 Rh4 27. c4 bxc4 28.
Qe2 Nf4 29. Bxf4 exf4 30. Rxc4 Qd8 31. b4 Qxg5 32. a4 Be5 33. b5 axb5 34. axb5
Kg7 35. Qf3 Rfh8 36. Kf1 Rb8 37. Rb1 Qd8 38. Rc6 g5 39. Bh3 Qh8 40. Rb3 Rxb5
41. Rxb5 Rxh3 42. Qg4 Rh1+ 43. Ke2 Qh6 44. Rb7 Qg6 45. Qf3 Rb1 46. Rxb1 Qxb1
47. Qd3 Qa2+ 48. Rc2 Qb1 49. Rd2 Qh1 50. Qf3 Qh4 51. Rd1 g4 52. Rg1 f5 53. Qb3
Qh2 54. Kf1 Kf6 55. Qd3 f3 56. Qe3 Kg6 57. Qd3 Qh6 58. Rxg4+ Kf6 59. Qxf3 Qh5
60. Rg3 Qh6 61. Rg8 Kf7 62. Rc8 Kf6 63. Qg2 Qh5 64. f3 Qh6 65. Rc7 Bd4 66. Qg3
Be5 67. Qg8 Qh3+ 68. Ke2 1-0

[Event "Roquetas de Mar op 25th"]
[Site "Roquetas de Mar"]
[Date "2014.01.04"]
[Round "5"]
[White "Fernandez Romero, Ernesto"]
[Black "Cuenca Jimenez, Jose Fernando"]
[Result "1-0"]
[WhiteElo "2468"]
[BlackElo "2484"]
[PlyCount "101"]
[EventDate "2014.01.02"]
[EventType "swiss"]
[EventRounds "9"]
[EventCountry "ESP"]
[SourceTitle "CBM 158 Extra"]
[Source "ChessBase"]
[SourceDate "2014.02.28"]
[SourceVersion "1"]
[SourceVersionDate "2014.02.28"]
[SourceQuality "1"]

1. e4 e5 2. Nf3 Nc6 3. d4 exd4 4. Nxd4 Bb4+ 5. c3 Bc5 6. Nxc6 bxc6 7. Bf4 Ne7
8. Bd3 Ng6 9. Bg3 h5 10. h4 Bd6 11. Bxd6 cxd6 12. g3 Qb6 13. b3 Bb7 14. Be2 d5
15. exd5 cxd5 16. Qd4 Qe6 17. Na3 O-O 18. Nc2 Ne7 19. Ne3 Rfe8 20. O-O Nc6 21.
Qf4 d4 22. Bc4 Qg6 23. cxd4 Rad8 24. Bd5 Ba6 25. Rfd1 Nb4 26. Bf3 d5 27. Qg5
Qb6 28. Nxd5 Nxd5 29. Bxd5 Rd7 30. Bf3 Rxd4 31. Qxh5 Qf6 32. Rxd4 Qxd4 33. Rd1
Qc3 34. Kg2 g6 35. Qh6 Qf6 36. Qg5 Qxg5 37. hxg5 Be2 38. Rd7 a6 39. Bd5 Rf8 40.
Ra7 Kg7 41. f3 Bd3 42. g4 Be2 43. Kf2 Bd3 44. f4 Bb1 45. a4 Bc2 46. Bc4 Bd1 47.
Kg3 a5 48. f5 gxf5 49. gxf5 Bh5 50. Kf4 Rd8 51. g6 1-0

[Event "Roquetas de Mar op 25th"]
[Site "Roquetas de Mar"]
[Date "2014.01.05"]
[Round "6"]
[White "Cuenca Jimenez, Jose Fernando"]
[Black "Camacho Collados, Marcos"]
[Result "1/2-1/2"]
[WhiteElo "2484"]
[BlackElo "2420"]
[PlyCount "59"]
[EventDate "2014.01.02"]
[EventType "swiss"]
[EventRounds "9"]
[EventCountry "ESP"]
[SourceTitle "CBM 158 Extra"]
[Source "ChessBase"]
[SourceDate "2014.02.28"]
[SourceVersion "1"]
[SourceVersionDate "2014.02.28"]
[SourceQuality "1"]

1. e4 e5 2. Nf3 d6 3. d4 exd4 4. Qxd4 Nc6 5. Bb5 Bd7 6. Bxc6 Bxc6 7. Nc3 Nf6 8.
Bg5 Be7 9. O-O-O O-O 10. Rhe1 Re8 11. Kb1 Nd7 12. Bxe7 Qxe7 13. Qd2 a6 14. Nd4
Nc5 15. f3 Rad8 16. g4 Ne6 17. Nd5 Qd7 18. Nf5 Bxd5 19. Qxd5 Qb5 20. c4 Qb6 21.
Qd2 Qc5 22. Rc1 Qe5 23. h4 Qf4 24. Qc3 Qe5 25. Qd2 Qf4 26. Qc3 Qe5 27. Qd2 Qf4
28. Qf2 Nc5 29. Qd4 Ne6 30. Qc3 1/2-1/2

[Event "Roquetas de Mar op 25th"]
[Site "Roquetas de Mar"]
[Date "2014.01.05"]
[Round "7"]
[White "Cuenca Jimenez, Jose Fernando"]
[Black "Del Rey, Diego"]
[Result "0-1"]
[WhiteElo "2484"]
[BlackElo "2373"]
[PlyCount "120"]
[EventDate "2014.01.02"]
[EventType "swiss"]
[EventRounds "9"]
[EventCountry "ESP"]
[SourceTitle "CBM 158 Extra"]
[Source "ChessBase"]
[SourceDate "2014.02.28"]
[SourceVersion "1"]
[SourceVersionDate "2014.02.28"]
[SourceQuality "1"]

1. e4 c5 2. Nf3 Nc6 3. d4 cxd4 4. Nxd4 e5 5. Nb5 d6 6. N1c3 a6 7. Na3 Be7 8.
Nc4 b5 9. Ne3 Nf6 10. g3 O-O 11. Bg2 Rb8 12. a3 a5 13. O-O b4 14. Ncd5 Nxd5 15.
Nxd5 Bg5 16. f4 Bh6 17. axb4 axb4 18. Be3 Ne7 19. Ra7 Nxd5 20. Qxd5 Be6 21. Qd2
exf4 22. gxf4 Qh4 23. f5 Bxe3+ 24. Qxe3 Bc4 25. Rf4 Qh6 26. Ra1 b3 27. c3 Ra8
28. Re1 Ra2 29. e5 d5 30. Rf2 Ra1 31. Rf3 Rfa8 32. e6 fxe6 33. fxe6 Qxe3+ 34.
Rfxe3 Kf8 35. e7+ Ke8 36. Bf1 R8a2 37. Bxc4 dxc4 38. Rxa1 Rxa1+ 39. Kf2 Rh1 40.
Kg3 Rc1 41. Re4 Rc2 42. Rxc4 Kxe7 43. Rc7+ Kf6 44. Rc6+ Ke5 45. Rc7 Rxb2 46.
Rxg7 Rb1 47. Kh4 Rh1 48. Rb7 Rxh2+ 49. Kg3 Rb2 50. Rxh7 Ke4 51. c4 Kd3 52. c5
Rc2 53. Rb7 Rc3 54. Kf4 Kc2 55. Rb5 b2 56. Ke5 Rb3 57. Rxb3 Kxb3 58. Kd6 b1=Q
59. c6 Qh7 60. c7 Qf5 0-1

[Event "Aarhus Chess House"]
[Site "Aarhus"]
[Date "2014.02.17"]
[Round "1"]
[White "Cuenca Jimenez, Jose Fernando"]
[Black "Maksimenko, Andrei"]
[Result "0-1"]
[WhiteElo "2481"]
[BlackElo "2548"]
[PlyCount "74"]
[EventDate "2014.02.17"]
[EventType "tourn"]
[EventRounds "9"]
[EventCountry "DEN"]
[EventCategory "9"]
[SourceTitle "CBM 158 Extra"]
[Source "ChessBase"]
[SourceDate "2014.02.28"]
[SourceVersion "1"]
[SourceVersionDate "2014.02.28"]
[SourceQuality "1"]

1. e4 c5 2. Nf3 d6 3. d4 cxd4 4. Nxd4 Nf6 5. Nc3 a6 6. h3 e6 7. g4 Be7 8. Be3
Nc6 9. Qe2 Nd7 10. O-O-O Nxd4 11. Bxd4 O-O 12. f4 b5 13. Kb1 b4 14. Na4 Bb7 15.
b3 Bc6 16. Nb2 a5 17. Nc4 a4 18. g5 Qc7 19. h4 e5 20. Bb2 axb3 21. axb3 exf4
22. Qd2 Nc5 23. Bg2 Qa7 24. Qxb4 Rfb8 25. Qc3 Bf8 26. Kc1 Nxe4 27. Qd4 Qb7 28.
Bxe4 Bxe4 29. Nxd6 Qc7 30. Nxe4 Rxb3 31. Nd6 Rb6 32. Qd5 Rab8 33. Be5 Bxd6 34.
Bxd6 Qc3 35. Qa2 Rb2 36. Qxb2 Rxb2 37. Rh2 Ra2 0-1

[Event "Aarhus Chess House"]
[Site "Aarhus"]
[Date "2014.02.18"]
[Round "2"]
[White "Cuenca Jimenez, Jose Fernando"]
[Black "Andersen, Mads"]
[Result "1/2-1/2"]
[WhiteElo "2481"]
[BlackElo "2504"]
[PlyCount "117"]
[EventDate "2014.02.17"]
[EventType "tourn"]
[EventRounds "9"]
[EventCountry "DEN"]
[EventCategory "9"]
[SourceTitle "CBM 158 Extra"]
[Source "ChessBase"]
[SourceDate "2014.02.28"]
[SourceVersion "1"]
[SourceVersionDate "2014.02.28"]
[SourceQuality "1"]

1. e4 e6 2. d4 d5 3. Nc3 Nf6 4. Bg5 dxe4 5. Nxe4 Be7 6. Bxf6 gxf6 7. Nf3 f5 8.
Nc3 a6 9. g3 b5 10. Bg2 Bb7 11. O-O c5 12. d5 b4 13. dxe6 bxc3 14. exf7+ Kf8
15. Qc1 Kg7 16. bxc3 Be4 17. Rd1 Qb6 18. Rb1 Qh6 19. Qxh6+ Kxh6 20. Ne5 Bxg2
21. Kxg2 Bf6 22. Rd6 Kg7 23. Nd3 Ra7 24. Nxc5 Be7 25. f8=Q+ Rxf8 26. Ne6+ Kf7
27. Nxf8 Bxd6 28. Nxh7 Nd7 29. Ng5+ Kf6 30. Rd1 Bc5 31. h4 Nb6 32. Rd3 Rd7 33.
Rf3 Kg6 34. Ne6 Bd6 35. h5+ Kxh5 36. Rxf5+ Kg6 37. Ra5 Ra7 38. Nc5 Bxc5 39.
Rxc5 Kf7 40. f4 Ke7 41. Rc6 Nd5 42. Kf3 Kd7 43. Rh6 Ra8 44. c4 Nc3 45. a3 a5
46. Rb6 Rc8 47. Ra6 a4 48. Ke3 Rxc4 49. Kd3 Rc8 50. Ra5 Nd1 51. Kd4 Rxc2 52.
Rxa4 Rg2 53. Ra7+ Ke6 54. Rg7 Kf6 55. Rg8 Ra2 56. Ra8 Rg2 57. Rg8 Ra2 58. Ra8
Rg2 59. Rg8 1/2-1/2

[Event "Aarhus Chess House"]
[Site "Aarhus"]
[Date "2014.02.19"]
[Round "3"]
[White "Fries Nielsen, Jens Ove"]
[Black "Cuenca Jimenez, Jose Fernando"]
[Result "0-1"]
[WhiteElo "2416"]
[BlackElo "2481"]
[PlyCount "84"]
[EventDate "2014.02.17"]
[EventType "tourn"]
[EventRounds "9"]
[EventCountry "DEN"]
[EventCategory "9"]
[SourceTitle "CBM 158 Extra"]
[Source "ChessBase"]
[SourceDate "2014.02.28"]
[SourceVersion "1"]
[SourceVersionDate "2014.02.28"]
[SourceQuality "1"]

1. d4 Nf6 2. Nc3 d5 3. Bf4 Bf5 4. e3 e6 5. Bd3 Bg6 6. h4 Bd6 7. h5 Bxd3 8. Qxd3
Nc6 9. Nf3 h6 10. O-O-O Qe7 11. Kb1 O-O-O 12. Bxd6 Qxd6 13. a3 Kb8 14. e4 dxe4
15. Nxe4 Qe7 16. Nc5 Nd7 17. Nb3 Rhe8 18. Rhe1 Qf6 19. Qe4 Nb6 20. Nc5 Rd6 21.
Ne5 Red8 22. b4 Nd5 23. Rd3 Qxf2 24. Rf3 Qd2 25. Nb3 Nc3+ 26. Rxc3 Qxc3 27.
Nxf7 Rxd4 28. Nxd4 Rxd4 29. Qxe6 Qxa3 30. Qb3 Qxb3+ 31. cxb3 a6 32. Re8+ Ka7
33. Rg8 Rd7 34. Rf8 Nxb4 35. Ne5 Rd5 36. Re8 Nd3 37. Nf3 Rxh5 38. Re7 Rc5 39.
Rxg7 Rc1+ 40. Ka2 Rc2+ 41. Kb1 Rb2+ 42. Ka1 c5 0-1

[Event "Aarhus Chess House"]
[Site "Aarhus"]
[Date "2014.02.20"]
[Round "4"]
[White "Cuenca Jimenez, Jose Fernando"]
[Black "Pedersen, Nicolai Vesterbaek"]
[Result "1-0"]
[WhiteElo "2481"]
[BlackElo "2390"]
[PlyCount "105"]
[EventDate "2014.02.17"]
[EventType "tourn"]
[EventRounds "9"]
[EventCountry "DEN"]
[EventCategory "9"]
[SourceTitle "CBM 158 Extra"]
[Source "ChessBase"]
[SourceDate "2014.02.28"]
[SourceVersion "1"]
[SourceVersionDate "2014.02.28"]
[SourceQuality "1"]

1. e4 e5 2. Nf3 Nc6 3. Bb5 Nf6 4. O-O Nxe4 5. Qe2 Nd6 6. Bxc6 dxc6 7. Qxe5+ Qe7
8. Qa5 Qd8 9. Qc3 Qf6 10. Qxf6 gxf6 11. Re1+ Be7 12. d3 Bg4 13. Nbd2 Kd7 14. h3
Be6 15. b3 Rag8 16. Kh2 Rg6 17. Nh4 Rg7 18. Ndf3 h5 19. Bb2 Rhg8 20. g3 Nf5 21.
Nxf5 Bxf5 22. Nh4 Be6 23. Re3 Rh7 24. Rf3 Bd5 25. Rf4 Bd6 26. Rxf6 Re8 27. c4
Re2 28. cxd5 Rxb2 29. dxc6+ bxc6 30. Rf3 c5 31. Kg2 Be5 32. Rc1 Bd6 33. Ra1 Be5
34. Nf5 Rc2 35. Re1 f6 36. a4 Rb2 37. Rc1 Bd6 38. d4 cxd4 39. Nxd4 Rh8 40. Nb5
a6 41. Nxd6 cxd6 42. Rd1 f5 43. Rd5 f4 44. gxf4 h4 45. Rfd3 Rh6 46. Ra5 Rg6+
47. Kf3 Rg1 48. Rxa6 Rf1 49. Raxd6+ Ke7 50. Kg4 Rfxf2 51. Rd7+ Ke8 52. Rd8+ Ke7
53. Kf5 1-0

[Event "Aarhus Chess House"]
[Site "Aarhus"]
[Date "2014.02.21"]
[Round "5"]
[White "Brynell, Stellan"]
[Black "Cuenca Jimenez, Jose Fernando"]
[Result "0-1"]
[WhiteElo "2470"]
[BlackElo "2481"]
[PlyCount "90"]
[EventDate "2014.02.17"]
[EventType "tourn"]
[EventRounds "9"]
[EventCountry "DEN"]
[EventCategory "9"]
[SourceTitle "CBM 158 Extra"]
[Source "ChessBase"]
[SourceDate "2014.02.28"]
[SourceVersion "1"]
[SourceVersionDate "2014.02.28"]
[SourceQuality "1"]

1. d4 Nf6 2. c4 g6 3. Nc3 Bg7 4. Nf3 O-O 5. g3 d6 6. Bg2 Nbd7 7. O-O e5 8. h3
exd4 9. Nxd4 Nb6 10. Qc2 c5 11. Ndb5 Nxc4 12. b3 Ne5 13. Rd1 Ne8 14. Be3 Qa5
15. Rac1 Bf5 16. Qd2 Nc6 17. a4 a6 18. Na3 Be6 19. Nc4 Bxc4 20. bxc4 Nd4 21.
Qd3 Rb8 22. Bf4 Nc6 23. Nd5 Ne5 24. Qc2 Qd8 25. Rb1 Nc7 26. Nxc7 Qxc7 27. Rb3
Rfd8 28. Bxe5 Bxe5 29. Rdb1 b6 30. Qe4 d5 31. cxd5 c4 32. Rb4 Rdc8 33. Rc1 b5
34. axb5 axb5 35. e3 Bd6 36. Rbb1 b4 37. Bf1 c3 38. Rb3 Ra8 39. Kg2 Ra5 40. Qd3
Qc5 41. e4 Ra2 42. Rc2 Rca8 43. Rb1 R8a3 44. Be2 Rxc2 45. Qxc2 b3 0-1

[Event "Aarhus Chess House"]
[Site "Aarhus"]
[Date "2014.02.22"]
[Round "6"]
[White "Cuenca Jimenez, Jose Fernando"]
[Black "Eggleston, David"]
[Result "1-0"]
[WhiteElo "2481"]
[BlackElo "2423"]
[PlyCount "127"]
[EventDate "2014.02.17"]
[EventType "tourn"]
[EventRounds "9"]
[EventCountry "DEN"]
[EventCategory "9"]
[SourceTitle "CBM 158 Extra"]
[Source "ChessBase"]
[SourceDate "2014.02.28"]
[SourceVersion "1"]
[SourceVersionDate "2014.02.28"]
[SourceQuality "1"]

1. Nf3 Nf6 2. c4 b6 3. g3 Bb7 4. Bg2 e6 5. O-O Be7 6. b3 O-O 7. Bb2 d5 8. e3
dxc4 9. bxc4 c5 10. Qe2 Nbd7 11. d3 Re8 12. Nc3 a6 13. a4 Qc7 14. Ne1 Bxg2 15.
Nxg2 Nb8 16. f4 Nc6 17. g4 Nb4 18. g5 Nd7 19. Rf3 f5 20. gxf6 Bxf6 21. Rg3 Kh8
22. Rd1 Qd8 23. Ne4 Bxb2 24. Qxb2 Nf6 25. a5 Ra7 26. axb6 Nxe4 27. bxa7 Nxg3
28. hxg3 Qa8 29. d4 Qxa7 30. d5 exd5 31. cxd5 a5 32. d6 Qd7 33. Qc3 Nc6 34.
Qxc5 Nd8 35. Qxa5 Nf7 36. Qc5 Rc8 37. Qd5 Rd8 38. Rd4 Kg8 39. Qa2 Qc6 40. Ra4
Qxd6 41. Rd4 Qe7 42. Rxd8+ Qxd8 43. Qe6 Qd1+ 44. Kh2 Qh5+ 45. Qh3 Qxh3+ 46.
Kxh3 g5 47. Kg4 gxf4 48. gxf4 Nd6 49. f5 Kf7 50. Kf4 Nb7 51. e4 Nc5 52. e5 Nd3+
53. Ke4 Nf2+ 54. Kd5 Ke7 55. Ne3 h5 56. f6+ Kf7 57. Nf5 h4 58. Nd6+ Kg6 59. f7
Kg7 60. e6 Kf8 61. Ne4 Nd3 62. Kd6 h3 63. Ng5 h2 64. e7+ 1-0